Condiciones de vida y construcción de identidades juveniles : el caso de los jóvenes pobres y excluidos en España (Record no. 167901)

MARC details
000 -CABECERA
campo de control de longitud fija 00863nab a2200265 a 4500
005 - FECHA Y HORA DE LA ÚLTIMA TRANSACCIÓN
campo de control 20210219162005.0
008 - ELEMENTOS DE LONGITUD FIJA--INFORMACIÓN GENERAL
campo de control de longitud fija 991125s1985 mx 000 0 spa u
035 ## - NÚMERO DE CONTROL DEL SISTEMA
Número de control de sistema UPN01000195800
100 1# - ASIENTO PRINCIPAL--NOMBRE PERSONAL
Nombre de persona Brunet, Ignasi
100 1# - ASIENTO PRINCIPAL--NOMBRE PERSONAL
Filiación ignasi.brunet@urv.cat
222 ## - TÍTULO CLAVE
Título clave REVISTA MEXICANA DE SOCIOLOGIA
245 ## - MENCIÓN DE TÍTULO
Título Condiciones de vida y construcción de identidades juveniles : el caso de los jóvenes pobres y excluidos en España
300 ## - DESCRIPCIÓN FÍSICA
Extensión 647-674
362 0# - FECHAS DE PUBLICACIÓN Y/O DESIGNACIÓN SECUENCIAL
Fecha de publicación y/o designación secuencial 2013 Año 75, no. 4, oct.-dic.
653 0# - TERMINO DE INDIZACION - NO CONTROLADO
Término no controlado JOVENES
653 0# - TERMINO DE INDIZACION - NO CONTROLADO
Término no controlado VULNERABILIDAD
653 0# - TERMINO DE INDIZACION - NO CONTROLADO
Término no controlado EXCLUSION SOCIAL
653 0# - TERMINO DE INDIZACION - NO CONTROLADO
Término no controlado POBREZA
700 1# - ASIENTO SECUNDARIO--NOMBRE DE PERSONAL
Nombre de persona Pizzi, Alejandro,
Término indicativo de función/relación coaut.
700 1# - ASIENTO SECUNDARIO--NOMBRE DE PERSONAL
Filiación alejandro.pizzi@urv.cat
700 1# - ASIENTO SECUNDARIO--NOMBRE DE PERSONAL
Nombre de persona Valls Fonayet, Francesc,
Término indicativo de función/relación coaut.
700 1# - ASIENTO SECUNDARIO--NOMBRE DE PERSONAL
Filiación francesc.valls@urv.cat
856 1# - LOCALIZACIÓN Y ACCESO ELECTRÓNICOS
Identificador Uniforme del Recurso <a href="http://www.redalyc.org/articulo.oa?id=32128953005">http://www.redalyc.org/articulo.oa?id=32128953005</a>
905 ## - TIPO DE MATERIAL
Tipo de material Articulo

No items available.